Vicente Huidobro en la modernidad
সংরক্ষণ করুন:
| প্রধান লেখক: | |
|---|---|
| বিন্যাস: | গ্রন্থ |
| ভাষা: | স্প্যানিশ |
| প্রকাশিত: |
Santiago
Ministerio de Educación
1997
|
| বিষয়গুলি: | |
| ট্যাগগুলো: |
ট্যাগ যুক্ত করুন
কোনো ট্যাগ নেই, প্রথমজন হিসাবে ট্যাগ করুন!
|
MARC
| LEADER | 00000nam a2200000 a 4500 | ||
|---|---|---|---|
| 001 | UCP0646 | ||
| 003 | CL-VaPUC | ||
| 005 | 20231109073930.0 | ||
| 008 | 990319e19970000CL |||||||||||||||||spa|d | ||
| 999 | |c 279407 |d 279405 | ||
| 040 | |c Pontificia Universidad Católica de Valparaíso | ||
| 082 | 0 | 4 | |a 372.64 |b PIZ |2 21 |
| 100 | 0 | |a Pizarro, Ana |e author |9 426076 | |
| 245 | 1 | 0 | |a Vicente Huidobro en la modernidad |
| 260 | |a Santiago |b Ministerio de Educación |c 1997 | ||
| 300 | |a 74 p | ||
| 583 | |a last modification |c 19990319 00:00:00 |k Rodrigo Vera | ||
| 600 | 0 | |a García-Huidobro Fernández, Vicente, |d 1893-1948 |9 858153 | |
| 650 | 0 | |a Enseñanza de la literatura |9 283372 | |
| 650 | 0 | |a Métodos de enseñanza |9 270413 | |
| 650 | 0 | |a Reforma educacional |9 256319 | |
| 852 | |a BIBCUR | ||
| 942 | |c BK |2 ddc | ||
| 945 | |d 19990319 00:00:00 |a rbrito | ||
| 952 | |0 0 |1 0 |4 0 |6 372_640000000000000_PIZ_1997 |7 0 |8 A |9 318637 |a BIBEDU |b BIBEDU |d 2019-11-20 |i 3504786 |o 372.64 PIZ 1997 |p 3504786 |r 2019-11-20 |w 2019-11-20 |y BK |k EDU | ||